000
00324nam a2200121Ia 4500
008
220216s9999 xx 000 0 und d
100
_a
Estilai A
_c
et al
245
0
_a
Rubber and resin yield performance of new guayule selections
260
_b
Agronomy Journal
_c
1992
300
_a
420-424
650
_a
Guayule
942
_c
JS
999
_c
67439
_d
67439